|
|
|
|
| LEADER |
00000nam0a2200000 4500 |
| 001 |
164873 |
| 005 |
20231101222519.0 |
| 010 |
|
|
|a 512002212Х
|
| 035 |
|
|
|a (RuTPU)RU\TPU\book\178868
|
| 090 |
|
|
|a 164873
|
| 100 |
|
|
|a 20090911d1991 m y0rusy50 ca
|
| 101 |
0 |
|
|a rus
|
| 102 |
|
|
|a UA
|
| 105 |
|
|
|a y z 001zy
|
| 200 |
1 |
|
|a Устойчивость движения: метод сравнения
|f В. Лакшмикантам, С. Лила, А. А. Мартынюк
|g Академия наук Украинской ССР (АН УССР), Институт механики, Днепропетровский филиал
|
| 210 |
|
|
|a Киев
|c Наукова думка
|d 1991
|
| 215 |
|
|
|a 248 с.
|
| 225 |
1 |
|
|a Устойчивость: теория и методы приложения
|v Вып. 1
|
| 320 |
|
|
|a Библиогр.: с. 232-236.
|
| 606 |
1 |
|
|a Динамика
|2 stltpush
|3 (RuTPU)RU\TPU\subj\69927
|9 84564
|
| 610 |
1 |
|
|a устойчивость
|
| 610 |
1 |
|
|a движение
|
| 610 |
1 |
|
|a метод сравнения
|
| 610 |
1 |
|
|a теория
|
| 610 |
1 |
|
|a неравенства
|
| 610 |
1 |
|
|a вариация
|
| 610 |
1 |
|
|a модели
|
| 675 |
|
|
|a 531.3
|v 3
|
| 700 |
|
1 |
|a Лакшмикантам
|b В.
|g Ванджипурам
|
| 701 |
|
1 |
|a Лила
|b С.
|g Сриниваза
|
| 701 |
|
1 |
|a Мартынюк
|b А. А.
|g Анатолий Андреевич
|
| 712 |
0 |
2 |
|a Академия наук Украинской ССР (АН УССР)
|b Институт механики
|b Днепропетровский филиал
|2 stltpush
|3 (RuTPU)RU\TPU\col\11934
|
| 801 |
|
1 |
|a RU
|b 63413507
|c 20090911
|
| 801 |
|
2 |
|a RU
|b 63413507
|c 20190903
|g RCR
|
| 942 |
|
|
|c BK
|